|
|
|
|
| LEADER |
00858nab a2200145 i 4500 |
| 001 |
delm49256 |
| 005 |
20180927134848.0 |
| 008 |
180927s1936 hu o 0|| hun d |
| 040 |
|
|
|a SZTE Délmagyarország Archívum
|b hun
|
| 041 |
|
|
|a hun
|
| 245 |
0 |
0 |
|a "A termelők érdekében vissza kell utasítani a paprikamonopólium lehetetlen tervét"
|h [elektronikus dokumentum] :
|b a kisgyűlésen napirendelőtti felszólalásokban tiltakoztak a Hangya-terv ellen ; "A kereskedelmnek elévülhetetlen érdemei vannak a szegedi paparika világhírében" - A polgármester magyarázata legutóbbi kijelentéseiről : "Végleges álláspontot még nem foglaltunk el"
|
| 260 |
|
|
|c 1936-05-08
|
| 300 |
|
|
|a 5
|
| 490 |
0 |
|
|a Délmagyarország
|v 12 No. 114
|
| 695 |
|
|
|a Pálfy József, Shvoy Kálmán, Berzenczey Domokos, Pap Róbert, Kertész Béla, Körmendy Mátyás, Paprikakereskedelem Szeged
|